[Event "Torneo Benidorm Gran Hotel Bali 2022"]
[Site "Benidorm, Spain"]
[Date "2022.12.07"]
[Round "6.4"]
[White "Remolar Gallen, Jose"]
[Black "Mingarro Carceller, Sergi"]
[Result "1/2-1/2"]
[WhiteElo "2305"]
[BlackElo "2330"]
[PlyCount "50"]
[EventDate "2022.12.03"]
[EventType "swiss"]
[EventRounds "9"]
[SourceTitle "Ajedrez en Madrid"]
[Source "lmi"]
[SourceDate "2022.12.03"]
[SourceVersion "1"]
[SourceVersionDate "2022.12.10"]
[SourceQuality "1"]
[TimeControl "90+30"]
[WhiteClock "0:32:48"]
[BlackClock "0:22:07"]

1. d4 {[%emt 0:00:00]} Nf6 {[%emt 0:00:00]} 2. c4 {[%emt 0:00:00]} e6 {[%emt 0:00:00]} 3. Nc3 {[%emt 0:00:00]} Bb4 {[%emt 0:00:00]} 4. e3 {[%emt 0:00:00]} O-O {[%emt 0:00:00]} 5. Nge2 {[%emt 0:00:00]} c6 {[%emt 0:00:00]} 6. a3 {[%emt 0:00:00]} Ba5 {[%emt 0:00:00]} 7. d5 {[%emt 0:00:00]} cxd5 {[%emt 0:00:00]} 8. b4 {[%emt 0:00:00]} Bc7 {[%emt 0:00:00]} 9. cxd5 {[%emt 0:00:00]} exd5 {[%emt 0:00:00]} 10. Bb2 {[%emt 0:00:00]} Re8 {[%emt 0:00:00]} 11. Nxd5 {[%emt 0:00:00]} Be5 {[%emt 0:00:00]} 12. Bxe5 {[%emt 0:00:00]} Rxe5 {[%emt 0:00:00]} 13. Nef4 {[%emt 0:00:00]} Nxd5 {[%emt 0:00:00]} 14. Nxd5 {[%emt 0:00:00]} d6 {[%emt 0:00:00]} 15. Bc4 {[%emt 0:00:00]} Be6 {[%emt 0:00:00]} 16. Rc1 {[%emt 0:00:00]} Nc6 {[%emt 0:00:00]} 17. O-O {[%emt 0:00:00]} Qh4 {[%emt 0:00:00]} 18. Nf4 {[%emt 0:00:00]} Bxc4 {[%emt 0:00:00]} 19. Rxc4 {[%emt 0:00:00]} d5 {[%emt 0:00:00]} 20. Rc5 {[%emt 0:00:00]} Rd8 {[%emt 0:00:00]} 21. b5 {[%emt 0:00:00]} d4 {[%emt 0:00:00]} 22. Qc1 {[%emt 0:00:00]} Qe7 {[%emt 0:00:00]} 23. Rxe5 {[%emt 0:00:00]} Nxe5 {[%emt 0:00:00]} 24. exd4 {[%emt 0:00:00]} Rxd4 {[%emt 0:00:00]} 25. Re1 {[%emt 0:00:00]} g6 {[%emt 0:07:29]} 1/2-1/2

[Event "Torneo Benidorm Gran Hotel Bali 2022"]
[Site "Benidorm, Spain"]
[Date "2022.12.07"]
[Round "6.6"]
[White "Tscharotschkin, Michael"]
[Black "Granero Roca, Antonio"]
[Result "1/2-1/2"]
[WhiteElo "2137"]
[BlackElo "2345"]
[PlyCount "103"]
[EventDate "2022.12.03"]
[EventType "swiss"]
[EventRounds "9"]
[SourceTitle "Ajedrez en Madrid"]
[Source "lmi"]
[SourceDate "2022.12.03"]
[SourceVersion "1"]
[SourceVersionDate "2022.12.10"]
[SourceQuality "1"]
[TimeControl "90+30"]
[WhiteClock "0:04:18"]
[BlackClock "0:18:20"]

1. e4 {[%emt 0:00:00]} e5 {[%emt 0:00:00]} 2. Nf3 {[%emt 0:00:00]} Nc6 {[%emt 0:00:00]} 3. c3 {[%emt 0:00:00]} Nf6 {[%emt 0:00:00]} 4. d4 {[%emt 0:00:00]} exd4 {[%emt 0:00:00]} 5. e5 {[%emt 0:00:00]} Nd5 {[%emt 0:00:00]} 6. cxd4 {[%emt 0:00:00]} Bb4+ {[%emt 0:00:00]} 7. Bd2 {[%emt 0:00:00]} Bxd2+ {[%emt 0:00:00]} 8. Nbxd2 {[%emt 0:00:00]} d6 {[%emt 0:00:00]} 9. Bb5 {[%emt 0:00:00]} O-O {[%emt 0:00:00]} 10. O-O {[%emt 0:00:00]} Nce7 {[%emt 0:00:00]} 11. Ne4 {[%emt 0:00:00]} Ng6 {[%emt 0:00:00]} 12. exd6 {[%emt 0:00:00]} cxd6 {[%emt 0:00:00]} 13. g3 {[%emt 0:00:00]} a6 {[%emt 0:00:00]} 14. Ba4 {[%emt 0:00:00]} Bg4 {[%emt 0:00:00]} 15. Qd3 {[%emt 0:00:00]} Nb4 {[%emt 0:00:00]} 16. Qa3 {[%emt 0:00:00]} a5 {[%emt 0:00:00]} 17. Rfc1 {[%emt 0:00:00]} d5 {[%emt 0:00:00]} 18. Ned2 {[%emt 0:00:00]} Rc8 {[%emt 0:00:00]} 19. Qb3 {[%emt 0:00:00]} Bf5 {[%emt 0:00:00]} 20. Rxc8 {[%emt 0:00:00]} Qxc8 {[%emt 0:00:00]} 21. Ne1 {[%emt 0:00:00]} Qe6 {[%emt 0:00:00]} 22. a3 {[%emt 0:00:00]} Nc6 {[%emt 0:00:00]} 23. Nef3 {[%emt 0:00:00]} Qf6 {[%emt 0:00:00]} 24. Bxc6 {[%emt 0:00:00]} bxc6 {[%emt 0:00:00]} 25. Re1 {[%emt 0:00:00]} h5 {[%emt 0:00:00]} 26. Qc3 {[%emt 0:00:00]} Rb8 {[%emt 0:00:00]} 27. Ne5 {[%emt 0:00:00]} Nxe5 {[%emt 0:00:00]} 28. Rxe5 {[%emt 0:00:00]} a4 {[%emt 0:00:00]} 29. Re1 {[%emt 0:00:00]} c5 {[%emt 0:00:00]} 30. dxc5 {[%emt 0:00:21]} d4 {[%emt 0:00:00]} 31. Qc1 {[%emt 0:01:50]} Qc6 {[%emt 0:00:00]} 32. Qc4 {[%emt 0:00:50]} d3 {[%emt 0:00:00]} 33. Qf4 {[%emt 0:00:57]} Rxb2 {[%emt 0:00:00]} 34. Qxf5 {[%emt 0:00:28]} Rxd2 {[%emt 0:00:00]} 35. Rb1 {[%emt 0:03:01]} Qg6 {[%emt 0:00:00]} 36. Qxg6 {[%emt 0:03:23]} fxg6 {[%emt 0:00:00]} 37. Kf1 {[%emt 0:00:21]} Kf7 {[%emt 0:00:00]} 38. Rb4 {[%emt 0:02:15]} Ke6 {[%emt 0:00:00]} 39. Rxa4 {[%emt 0:02:13]} Kd5 {[%emt 0:00:27]} 40. Ra7 {[%emt 0:01:51]} Kc6 {[%emt 0:01:01]} 41. Ke1 {[%emt 0:00:41]} Re2+ {[%emt 0:00:36]} 42. Kd1 {[%emt 0:00:08]} Rxf2 {[%emt 0:01:31]} 43. Rxg7 {[%emt 0:00:16]} Rxh2 {[%emt 0:00:27]} 44. Rxg6+ {[%emt 0:00:16]} Kxc5 {[%emt 0:00:06]} 45. a4 {[%emt 0:01:19]} Kd4 {[%emt 0:01:40]} 46. a5 {[%emt 0:00:37]} Ra2 {[%emt 0:00:37]} 47. Rg5 {[%emt 0:00:58]} Ke3 {[%emt 0:01:13]} 48. Re5+ {[%emt 0:00:12]} Kf3 {[%emt 0:00:23]} 49. Rxh5 {[%emt 0:00:11]} Kxg3 {[%emt 0:00:12]} 50. Rd5 {[%emt 0:00:20]} Kf4 {[%emt 0:00:19]} 51. Rxd3 {[%emt 0:00:14]} Rxa5 {[%emt 0:00:08]} 52. Ke2 {[%emt 0:00:22]} 1/2-1/2

[Event "Torneo Benidorm Gran Hotel Bali 2022"]
[Site "Benidorm, Spain"]
[Date "2022.12.07"]
[Round "6.7"]
[White "Luque Saiz, Andres"]
[Black "Raghav, Srivathsav V"]
[Result "1-0"]
[WhiteElo "2286"]
[BlackElo "2059"]
[PlyCount "121"]
[EventDate "2022.12.03"]
[EventType "swiss"]
[EventRounds "9"]
[SourceTitle "Ajedrez en Madrid"]
[Source "lmi"]
[SourceDate "2022.12.03"]
[SourceVersion "1"]
[SourceVersionDate "2022.12.10"]
[SourceQuality "1"]
[TimeControl "90+30"]
[WhiteClock "0:01:00"]
[BlackClock "0:50:44"]

1. e4 {[%emt 0:00:00]} d5 {[%emt 0:00:00]} 2. exd5 {[%emt 0:00:00]} Qxd5 {[%emt 0:00:00]} 3. Nc3 {[%emt 0:00:00]} Qd6 {[%emt 0:00:00]} 4. d4 {[%emt 0:00:00]} Nf6 {[%emt 0:00:00]} 5. Nb5 {[%emt 0:00:00]} Qb6 {[%emt 0:00:00]} 6. Na3 {[%emt 0:00:00]} c6 {[%emt 0:00:00]} 7. Nc4 {[%emt 0:00:00]} Qc7 {[%emt 0:00:00]} 8. Nf3 {[%emt 0:00:00]} Bg4 {[%emt 0:00:00]} 9. Nce5 {[%emt 0:00:00]} Bxf3 {[%emt 0:00:00]} 10. Qxf3 {[%emt 0:00:00]} e6 {[%emt 0:00:00]} 11. c3 {[%emt 0:00:00]} Nbd7 {[%emt 0:00:00]} 12. Nc4 {[%emt 0:00:00]} Nd5 {[%emt 0:00:00]} 13. Bd3 {[%emt 0:00:00]} N7f6 {[%emt 0:00:00]} 14. O-O {[%emt 0:00:00]} h5 {[%emt 0:00:00]} 15. Re1 {[%emt 0:00:00]} O-O-O {[%emt 0:05:10]} 16. a4 {[%emt 0:03:30]} h4 {[%emt 0:10:58]} 17. Bd2 {[%emt 0:05:01]} Rh5 {[%emt 0:04:44]} 18. Re5 {[%emt 0:03:01]} g6 {[%emt 0:05:31]} 19. b4 {[%emt 0:00:00]} Bd6 20. Nxd6+ {[%emt 0:03:51]} Qxd6 {[%emt 0:02:38]} 21. Rxh5 {[%emt 0:00:11]} Nxh5 {[%emt 0:01:55]} 22. Qxf7 {[%emt 0:01:17]} Ndf4 {[%emt 0:06:50]} 23. Bxf4 {[%emt 0:00:00]} Nxf4 24. Bf1 {[%emt 0:02:30]} Rf8 {[%emt 0:00:33]} 25. Qg7 {[%emt 0:02:05]} Nd5 {[%emt 0:06:50]} 26. Qxg6 {[%emt 0:01:35]} Nxc3 {[%emt 0:00:29]} 27. Re1 {[%emt 0:01:10]} Qxd4 {[%emt 0:00:00]} 28. Qxe6+ {[%emt 0:00:00]} Kb8 {[%emt 0:00:00]} 29. Qe5+ {[%emt 0:00:00]} Qxe5 {[%emt 0:00:07]} 30. Rxe5 {[%emt 0:00:00]} Nxa4 {[%emt 0:00:00]} 31. Re4 {[%emt 0:00:00]} Rh8 {[%emt 0:00:00]} 32. f4 Nc3 {[%emt 0:00:00]} 33. Rc4 Nd5 {[%emt 0:00:00]} 34. Kf2 Kc7 {[%emt 0:00:00]} 35. Re4 {[%emt 0:00:00]} Kb6 36. Rc4 {[%emt 0:00:00]} Kc7 {[%emt 0:00:00]} 37. Re4 {[%emt 0:00:00]} Kb6 {[%emt 0:00:00]} 38. Kf3 {[%emt 0:00:00]} a5 {[%emt 0:00:00]} 39. bxa5+ {[%emt 0:00:00]} Kxa5 {[%emt 0:00:00]} 40. Bc4 Nc3 {[%emt 0:03:32]} 41. Re3 {[%emt 0:00:15]} Kb4 {[%emt 0:00:13]} 42. Be6 {[%emt 0:00:00]} c5 {[%emt 0:00:00]} 43. f5 {[%emt 0:00:00]} Rf8 {[%emt 0:00:00]} 44. g4 {[%emt 0:00:00]} hxg3 {[%emt 0:00:00]} 45. hxg3 {[%emt 0:00:00]} c4 {[%emt 0:00:00]} 46. g4 {[%emt 0:00:40]} Nb1 {[%emt 0:00:00]} 47. g5 {[%emt 0:00:00]} c3 {[%emt 0:00:00]} 48. g6 {[%emt 0:00:00]} Rd8 {[%emt 0:00:00]} 49. Re1 Rf8 {[%emt 0:00:00]} 50. Re3 {[%emt 0:00:46]} Rd8 {[%emt 0:00:00]} 51. Re1 {[%emt 0:00:30]} c2 {[%emt 0:00:00]} 52. Rc1 {[%emt 0:00:29]} Kc3 {[%emt 0:00:00]} 53. f6 {[%emt 0:00:33]} Nd2+ {[%emt 0:00:00]} 54. Kf4 {[%emt 0:00:25]} Rd4+ {[%emt 0:00:00]} 55. Kf5 {[%emt 0:00:16]} Nf3 {[%emt 0:00:00]} 56. f7 {[%emt 0:01:07]} Nh4+ {[%emt 0:00:00]} 57. Kg5 {[%emt 0:00:06]} Nf3+ {[%emt 0:01:15]} 58. Kf6 {[%emt 0:00:33]} Rf4+ {[%emt 0:00:00]} 59. Bf5 {[%emt 0:00:09]} Nd4 {[%emt 0:00:00]} 60. Rxc2+ {[%emt 0:00:16]} Kb4 {[%emt 0:00:00]} 61. f8=Q+ {[%emt 0:00:47]} 1-0

[Event "Torneo Benidorm Gran Hotel Bali 2022"]
[Site "Benidorm, Spain"]
[Date "2022.12.07"]
[Round "6.8"]
[White "Aditya, Varun Gampa"]
[Black "Van Herck, Marcel"]
[Result "1-0"]
[WhiteElo "2249"]
[BlackElo "2008"]
[PlyCount "34"]
[EventDate "2022.12.03"]
[EventType "swiss"]
[EventRounds "9"]
[SourceTitle "Ajedrez en Madrid"]
[Source "lmi"]
[SourceDate "2022.12.03"]
[SourceVersion "1"]
[SourceVersionDate "2022.12.10"]
[SourceQuality "1"]
[TimeControl "90+30"]
[WhiteClock "0:55:26"]
[BlackClock "0:43:14"]

1. e4 {[%emt 0:00:00]} c6 {[%emt 0:00:00]} 2. d4 {[%emt 0:00:00]} d5 {[%emt 0:00:00]} 3. e5 {[%emt 0:00:00]} c5 {[%emt 0:00:00]} 4. Nf3 {[%emt 0:00:00]} Bg4 {[%emt 0:00:00]} 5. dxc5 {[%emt 0:00:00]} e6 {[%emt 0:00:00]} 6. Be3 {[%emt 0:00:00]} Qc7 {[%emt 0:00:00]} 7. c4 {[%emt 0:00:00]} dxc4 {[%emt 0:00:00]} 8. Bxc4 {[%emt 0:00:00]} Bxc5 {[%emt 0:00:00]} 9. Bb5+ {[%emt 0:00:00]} Ke7 {[%emt 0:00:00]} 10. Qc1 {[%emt 0:00:00]} Bb4+ {[%emt 0:00:00]} 11. Nbd2 {[%emt 0:00:00]} Qxc1+ {[%emt 0:00:00]} 12. Rxc1 {[%emt 0:00:00]} Nc6 {[%emt 0:00:00]} 13. O-O {[%emt 0:00:00]} Bxd2 {[%emt 0:00:00]} 14. Nxd2 {[%emt 0:00:00]} Nxe5 {[%emt 0:00:00]} 15. Rc7+ {[%emt 0:00:00]} Kd6 {[%emt 0:00:00]} 16. Rxb7 {[%emt 0:00:00]} a6 {[%emt 0:00:00]} 17. Ba4 {[%emt 0:00:00]} Be2 {[%emt 0:00:00]} 1-0

[Event "Torneo Benidorm Gran Hotel Bali 2022"]
[Site "Benidorm, Spain"]
[Date "2022.12.07"]
[Round "6.9"]
[White "Hristodorescu, Daniel"]
[Black "Kovacevic, Slobodan"]
[Result "0-1"]
[WhiteElo "2108"]
[BlackElo "2224"]
[PlyCount "60"]
[EventDate "2022.12.03"]
[EventType "swiss"]
[EventRounds "9"]
[SourceTitle "Ajedrez en Madrid"]
[Source "lmi"]
[SourceDate "2022.12.03"]
[SourceVersion "1"]
[SourceVersionDate "2022.12.10"]
[SourceQuality "1"]
[TimeControl "90+30"]
[WhiteClock "0:37:36"]
[BlackClock "0:04:47"]

1. e4 {[%emt 0:00:00]} c5 {[%emt 0:00:00]} 2. Nf3 {[%emt 0:00:00]} e6 {[%emt 0:00:00]} 3. c3 {[%emt 0:00:00]} Nc6 {[%emt 0:00:00]} 4. Bb5 {[%emt 0:00:00]} Qb6 {[%emt 0:00:00]} 5. Ba4 {[%emt 0:00:00]} d5 {[%emt 0:00:00]} 6. exd5 {[%emt 0:00:00]} exd5 {[%emt 0:00:00]} 7. O-O {[%emt 0:00:00]} Bd6 {[%emt 0:00:00]} 8. d4 {[%emt 0:00:00]} Nge7 {[%emt 0:00:00]} 9. dxc5 {[%emt 0:00:00]} Bxc5 {[%emt 0:00:00]} 10. b4 {[%emt 0:00:00]} Bd6 {[%emt 0:00:00]} 11. c4 {[%emt 0:00:00]} Qd8 {[%emt 0:00:00]} 12. c5 {[%emt 0:00:00]} Bb8 {[%emt 0:00:00]} 13. b5 {[%emt 0:00:00]} Ne5 {[%emt 0:00:00]} 14. Bb2 {[%emt 0:00:00]} Bg4 {[%emt 0:00:00]} 15. Nbd2 {[%emt 0:00:00]} O-O {[%emt 0:00:00]} 16. h3 {[%emt 0:00:00]} Bh5 {[%emt 0:00:00]} 17. Bc2 {[%emt 0:00:00]} Nxf3+ {[%emt 0:00:00]} 18. Nxf3 {[%emt 0:00:00]} Bg6 {[%emt 0:00:00]} 19. Qd4 {[%emt 0:00:00]} f6 {[%emt 0:00:00]} 20. Bb3 {[%emt 0:00:00]} Bf7 {[%emt 0:00:00]} 21. Rfe1 {[%emt 0:00:00]} Qd7 {[%emt 0:03:55]} 22. a4 {[%emt 0:00:00]} a6 {[%emt 0:01:04]} 23. Qb4 {[%emt 0:00:00]} axb5 {[%emt 0:01:36]} 24. axb5 {[%emt 0:00:00]} Rxa1 {[%emt 0:00:05]} 25. Bxa1 {[%emt 0:00:00]} Ng6 {[%emt 0:00:45]} 26. Ba4 {[%emt 0:00:00]} Nf4 {[%emt 0:01:02]} 27. Re3 {[%emt 0:00:00]} Qf5 {[%emt 0:02:01]} 28. Nd4 {[%emt 0:00:00]} Qg5 {[%emt 0:00:49]} 29. Rg3 {[%emt 0:00:00]} Nxh3+ {[%emt 0:00:15]} 30. gxh3 {[%emt 0:00:00]} Bxg3 {[%emt 0:00:11]} 0-1

[Event "Torneo Benidorm Gran Hotel Bali 2022"]
[Site "Benidorm, Spain"]
[Date "2022.12.07"]
[Round "6.10"]
[White "Chia, Yu Zhe Ashton"]
[Black "Rodriguez Lopez, Rafael"]
[Result "1-0"]
[WhiteElo "1970"]
[BlackElo "2189"]
[PlyCount "61"]
[EventDate "2022.12.03"]
[EventType "swiss"]
[EventRounds "9"]
[SourceTitle "Ajedrez en Madrid"]
[Source "lmi"]
[SourceDate "2022.12.03"]
[SourceVersion "1"]
[SourceVersionDate "2022.12.10"]
[SourceQuality "1"]
[TimeControl "90+30"]
[WhiteClock "0:19:15"]
[BlackClock "1:10:19"]

1. e4 {[%emt 0:00:00]} e5 {[%emt 0:00:00]} 2. d4 {[%emt 0:00:00]} exd4 {[%emt 0:00:00]} 3. Nf3 {[%emt 0:00:00]} Nc6 {[%emt 0:00:00]} 4. Nxd4 {[%emt 0:00:00]} Nf6 {[%emt 0:00:00]} 5. Nxc6 {[%emt 0:00:00]} bxc6 {[%emt 0:00:00]} 6. Nd2 {[%emt 0:00:00]} Bc5 {[%emt 0:00:00]} 7. Bd3 {[%emt 0:00:00]} O-O {[%emt 0:00:00]} 8. Nb3 {[%emt 0:00:00]} Bb6 {[%emt 0:00:00]} 9. c4 {[%emt 0:00:00]} d6 {[%emt 0:00:00]} 10. Qc2 {[%emt 0:00:00]} Nd7 {[%emt 0:00:00]} 11. Bf4 {[%emt 0:00:00]} a5 {[%emt 0:00:00]} 12. a4 {[%emt 0:00:00]} Re8 {[%emt 0:00:00]} 13. O-O-O {[%emt 0:00:00]} Qf6 {[%emt 0:00:00]} 14. Bg3 {[%emt 0:00:00]} Rb8 {[%emt 0:00:00]} 15. f4 {[%emt 0:00:00]} Be3+ {[%emt 0:00:00]} 16. Kb1 {[%emt 0:00:00]} Bxf4 {[%emt 0:00:00]} 17. Rhf1 {[%emt 0:00:00]} g5 {[%emt 0:00:00]} 18. h4 {[%emt 0:00:00]} Qe5 {[%emt 0:00:00]} 19. Bxf4 {[%emt 0:00:00]} gxf4 {[%emt 0:00:00]} 20. g3 {[%emt 0:00:00]} fxg3 {[%emt 0:00:00]} 21. Rf5 {[%emt 0:00:00]} Qe7 {[%emt 0:00:00]} 22. Nxa5 {[%emt 0:00:00]} Rb6 {[%emt 0:00:00]} 23. Rg1 {[%emt 0:00:00]} Ne5 {[%emt 0:00:00]} 24. Rxg3+ {[%emt 0:00:00]} Kh8 {[%emt 0:00:00]} 25. Rf1 {[%emt 0:00:00]} Bg4 {[%emt 0:00:00]} 26. c5 {[%emt 0:00:00]} Rb4 {[%emt 0:00:00]} 27. Rxg4 {[%emt 0:00:00]} Nxg4 {[%emt 0:00:00]} 28. Nxc6 {[%emt 0:00:00]} Qxh4 {[%emt 0:00:00]} 29. Nxb4 {[%emt 0:00:00]} f6 {[%emt 0:00:00]} 30. cxd6 {[%emt 0:00:00]} cxd6 {[%emt 0:00:00]} 31. Nd5 {[%emt 0:00:00]} 1-0

[Event "Torneo Benidorm Gran Hotel Bali 2022"]
[Site "Benidorm, Spain"]
[Date "2022.12.07"]
[Round "6.11"]
[White "Yuste Valenzuela, Alejandro"]
[Black "Pallardo Lozoya, Jose Vicente"]
[Result "1/2-1/2"]
[WhiteElo "2089"]
[BlackElo "2367"]
[PlyCount "85"]
[EventDate "2022.12.03"]
[EventType "swiss"]
[EventRounds "9"]
[SourceTitle "Ajedrez en Madrid"]
[Source "lmi"]
[SourceDate "2022.12.03"]
[SourceVersion "1"]
[SourceVersionDate "2022.12.10"]
[SourceQuality "1"]
[TimeControl "90+30"]
[WhiteClock "0:07:22"]
[BlackClock "0:00:45"]

1. e4 {[%emt 0:00:00]} c5 {[%emt 0:00:00]} 2. Nf3 {[%emt 0:00:00]} Nc6 {[%emt 0:00:00]} 3. d4 {[%emt 0:00:00]} cxd4 {[%emt 0:00:00]} 4. Nxd4 {[%emt 0:00:00]} Nf6 {[%emt 0:00:00]} 5. Nc3 {[%emt 0:00:00]} d6 {[%emt 0:00:00]} 6. g3 {[%emt 0:00:00]} g6 {[%emt 0:00:00]} 7. Nde2 {[%emt 0:00:00]} Bg7 {[%emt 0:00:00]} 8. Bg2 {[%emt 0:00:00]} Bd7 {[%emt 0:00:00]} 9. h3 {[%emt 0:00:00]} Rc8 {[%emt 0:00:00]} 10. O-O {[%emt 0:00:00]} Qa5 {[%emt 0:00:00]} 11. Nd5 {[%emt 0:00:00]} Nxd5 {[%emt 0:00:00]} 12. exd5 {[%emt 0:00:00]} Ne5 {[%emt 0:00:00]} 13. Bd2 {[%emt 0:00:00]} Qc5 {[%emt 0:00:00]} 14. Bc3 {[%emt 0:00:00]} O-O {[%emt 0:00:00]} 15. Rc1 {[%emt 0:00:00]} Bb5 {[%emt 0:00:00]} 16. Re1 {[%emt 0:00:00]} Rc7 {[%emt 0:00:00]} 17. Nd4 {[%emt 0:00:00]} Bc4 {[%emt 0:00:00]} 18. Nb3 {[%emt 0:00:00]} Bxb3 {[%emt 0:00:00]} 19. axb3 {[%emt 0:00:00]} Bf6 {[%emt 0:00:00]} 20. Qd2 {[%emt 0:00:00]} Nd7 {[%emt 0:00:00]} 21. Bb4 {[%emt 0:00:00]} Bg5 {[%emt 0:00:00]} 22. Qxg5 {[%emt 0:00:00]} Qxb4 {[%emt 0:00:00]} 23. Qxe7 {[%emt 0:00:00]} Rfc8 {[%emt 0:00:00]} 24. Qe4 {[%emt 0:00:00]} Qxe4 {[%emt 0:00:11]} 25. Bxe4 {[%emt 0:00:00]} Nc5 {[%emt 0:01:04]} 26. b4 {[%emt 0:00:00]} Nxe4 {[%emt 0:00:32]} 27. Rxe4 {[%emt 0:00:00]} Rxc2 {[%emt 0:00:16]} 28. Rxc2 {[%emt 0:00:00]} Rxc2 {[%emt 0:00:08]} 29. Re7 {[%emt 0:00:00]} Rxb2 {[%emt 0:01:59]} 30. Rxb7 {[%emt 0:00:00]} a5 {[%emt 0:00:05]} 31. Ra7 {[%emt 0:11:20]} axb4 {[%emt 0:06:29]} 32. Ra6 {[%emt 0:00:09]} Kf8 {[%emt 0:02:35]} 33. Rxd6 {[%emt 0:00:07]} Ke7 {[%emt 0:02:32]} 34. Rb6 {[%emt 0:00:04]} b3 {[%emt 0:00:21]} 35. h4 {[%emt 0:00:21]} h5 {[%emt 0:00:21]} 36. Kg2 {[%emt 0:00:08]} Rb1 {[%emt 0:00:13]} 37. Kf3 {[%emt 0:00:18]} Kd7 {[%emt 0:01:20]} 38. d6 {[%emt 0:00:12]} f6 {[%emt 0:00:41]} 39. Kg2 {[%emt 0:01:18]} g5 {[%emt 0:00:48]} 40. hxg5 {[%emt 0:00:26]} fxg5 {[%emt 0:00:05]} 41. Kh2 {[%emt 0:01:00]} Ke6 {[%emt 0:00:45]} 42. Kg2 {[%emt 0:00:10]} Kd7 {[%emt 0:01:20]} 43. Kh2 {[%emt 0:00:05]} 1/2-1/2

[Event "Torneo Benidorm Gran Hotel Bali 2022"]
[Site "Benidorm, Spain"]
[Date "2022.12.07"]
[Round "6.12"]
[White "Schaffert, Walter"]
[Black "Shaik, Sumer Arsh"]
[Result "0-1"]
[WhiteElo "2037"]
[BlackElo "2290"]
[PlyCount "80"]
[EventDate "2022.12.03"]
[EventType "swiss"]
[EventRounds "9"]
[SourceTitle "Ajedrez en Madrid"]
[Source "lmi"]
[SourceDate "2022.12.03"]
[SourceVersion "1"]
[SourceVersionDate "2022.12.10"]
[SourceQuality "1"]
[TimeControl "90+30"]
[WhiteClock "0:01:50"]
[BlackClock "0:06:18"]

1. e4 {[%emt 0:00:00]} e5 {[%emt 0:00:00]} 2. Nf3 {[%emt 0:00:00]} Nc6 {[%emt 0:00:00]} 3. Bc4 {[%emt 0:00:00]} Nf6 {[%emt 0:00:00]} 4. d3 {[%emt 0:00:00]} h6 {[%emt 0:00:00]} 5. c3 {[%emt 0:00:00]} d6 {[%emt 0:00:00]} 6. O-O {[%emt 0:00:00]} g6 {[%emt 0:00:00]} 7. Re1 {[%emt 0:00:00]} Bg7 {[%emt 0:00:00]} 8. Nbd2 {[%emt 0:00:00]} O-O {[%emt 0:00:00]} 9. Nf1 {[%emt 0:00:00]} d5 {[%emt 0:00:00]} 10. exd5 {[%emt 0:00:00]} Nxd5 {[%emt 0:00:00]} 11. a4 {[%emt 0:00:00]} a5 {[%emt 0:00:00]} 12. Ng3 {[%emt 0:00:00]} Nb6 {[%emt 0:00:00]} 13. Bb5 {[%emt 0:00:00]} Ne7 {[%emt 0:00:00]} 14. d4 {[%emt 0:00:00]} c6 {[%emt 0:00:00]} 15. Bf1 {[%emt 0:00:00]} exd4 {[%emt 0:00:00]} 16. Nxd4 {[%emt 0:00:00]} Ned5 {[%emt 0:00:00]} 17. h3 {[%emt 0:00:00]} Qc7 {[%emt 0:00:00]} 18. Qf3 {[%emt 0:00:00]} Nd7 {[%emt 0:00:00]} 19. Ne4 {[%emt 0:00:00]} Ne5 {[%emt 0:00:00]} 20. Qg3 {[%emt 0:00:00]} f5 {[%emt 0:00:00]} 21. Nc5 {[%emt 0:00:00]} f4 {[%emt 0:00:00]} 22. Qh2 {[%emt 0:00:00]} Qf7 {[%emt 0:00:00]} 23. Nd3 {[%emt 0:00:00]} Nxd3 {[%emt 0:00:43]} 24. Bxd3 {[%emt 0:00:00]} Bxd4 {[%emt 0:02:55]} 25. cxd4 {[%emt 0:00:00]} Nb4 {[%emt 0:00:10]} 26. Be4 {[%emt 0:00:11]} g5 {[%emt 0:00:33]} 27. Bd2 {[%emt 0:00:42]} Bf5 {[%emt 0:00:28]} 28. h4 {[%emt 0:01:00]} Bxe4 {[%emt 0:02:40]} 29. Rxe4 {[%emt 0:00:05]} Qg6 {[%emt 0:04:34]} 30. Rae1 {[%emt 0:03:57]} Nd3 {[%emt 0:00:30]} 31. R1e2 {[%emt 0:01:35]} g4 {[%emt 0:00:03]} 32. h5 {[%emt 0:03:24]} Qf6 {[%emt 0:00:46]} 33. Re6 {[%emt 0:00:30]} g3 {[%emt 0:00:01]} 34. Qh3 {[%emt 0:00:30]} Nxf2 {[%emt 0:00:16]} 35. Rxf2 {[%emt 0:00:42]} gxf2+ {[%emt 0:00:19]} 36. Kf1 {[%emt 0:00:14]} Qf5 {[%emt 0:00:13]} 37. Rg6+ {[%emt 0:03:28]} Kh7 {[%emt 0:00:31]} 38. Qb3 {[%emt 0:01:47]} Rf7 {[%emt 0:00:09]} 39. g3 {[%emt 0:01:08]} Qh3+ {[%emt 0:00:19]} 40. Kxf2 {[%emt 0:00:27]} fxg3+ {[%emt 0:00:02]} 0-1